00402nam a2200157Ia 4500003000400000005001700004008004100021040000700062041000800069082002100077100002200098245006400120260003600184300001100220365001300231OSt20230509163511.0210423s1997 xx 000 0 und d cAL aeng a574.5 223bKOTA aKOTHARI (Ashish). aUnderstanding biodiversity: life sustainability and equity. aHyderabadbOrient Longmanc1997 axv,161 b185cINR